Southville International School and Colleges
Your cart is empty.
  • Cart
  • Lists
    Public lists Eva Luna New books Lux_list list_1
    Your lists Log in to create your own lists
  • Log in to your account
  • Your cookies
  • Search history
Southville International School and Colleges
  • Advanced search
  • Recent comments
  • Most popular
  • Libraries

Log in to your account

Log in with GOOGLE


If you do not have an external account, but do have a local account, you can still log in:

  1. Home
  2. MARC view: Supply chain management in the drug industry :
Normal view MARC view ISBD view

Supply chain management in the drug industry : (Record no. 13399)

[ view plain ]
MARC details
000 -LEADER
fixed length control field 00679cam a22001934a 4500
003 - CONTROL NUMBER IDENTIFIER
control field OSt
005 - DATE AND TIME OF LATEST TRANSACTION
control field 20140310182432.0
008 - FIXED-LENGTH DATA ELEMENTS--GENERAL INFORMATION
fixed length control field 100608s2011 njua b 001 0 eng
020 ## - INTERNATIONAL STANDARD BOOK NUMBER
International Standard Book Number 9780470555170
050 00 - LIBRARY OF CONGRESS CALL NUMBER
Classification number HD 9665.5
Item number .R44 2011
100 1# - MAIN ENTRY--PERSONAL NAME
Personal name Rees, Hedley.
9 (RLIN) 8251
245 10 - TITLE STATEMENT
Title Supply chain management in the drug industry :
Remainder of title delivering patient value for pharmaceuticals and biologics /
Statement of responsibility, etc Hedley Rees.
260 ## - PUBLICATION, DISTRIBUTION, ETC. (IMPRINT)
Place of publication, distribution, etc Hoboken, N.J. :
Name of publisher, distributor, etc Wiley,
Date of publication, distribution, etc c2011.
300 ## - PHYSICAL DESCRIPTION
Extent xxiii, 432 p. :
Other physical details ill. ;
Dimensions 25 cm.
650 #0 - SUBJECT ADDED ENTRY--TOPICAL TERM
Topical term or geographic name as entry element Pharmaceutical industry
General subdivision Materials management.
9 (RLIN) 8252
650 12 - SUBJECT ADDED ENTRY--TOPICAL TERM
Topical term or geographic name as entry element Drug Industry
General subdivision organization & administration.
9 (RLIN) 8253
942 ## - ADDED ENTRY ELEMENTS (KOHA)
Source of classification or shelving scheme Library of Congress Classification
Koha item type
Holdings
Withdrawn status Lost status Source of classification or shelving scheme Materials specified (bound volume or other part) Damaged status Home library Current library Shelving location Date acquired Source of acquisition Total Checkouts Full call number Barcode Date last seen Copy number Price effective from Koha item type
    Library of Congress Classification 1   South SEED-LPDH College Library South SEED-LPDH College Library South SEED-LPDH College Section 07/16/2012 Donation   HD 9665.5 .R44 2011 SSLC0443 05/15/2018 1 11/06/2013 Books

Supply chain management in the drug industry :

APA

Rees H., . (2011). Supply chain management in the drug industry. Hoboken, N.J: Wiley.

Chicago

Rees Hedley, . 2011. Supply chain management in the drug industry. Hoboken, N.J: Wiley.

Harvard

Rees H., . (2011). Supply chain management in the drug industry. Hoboken, N.J: Wiley.

MLA

Rees Hedley, . Supply chain management in the drug industry. Hoboken, N.J: Wiley. 2011.

  • Place hold
  • Print
  • Cite
  • Add to your cart (remove)
  • Save record
    BIBTEX Dublin Core MARCXML MARC (non-Unicode/MARC-8) MARC (Unicode/UTF-8) MARC (Unicode/UTF-8, Standard) MODS (XML) RIS
  • More searches
    Search for this title in:
    Other Libraries (WorldCat) Other Databases (Google Scholar) Online Stores (Bookfinder.com) Open Library (openlibrary.org)

Exporting to Dublin Core...

SOUTHVILLE LIBRARY

Southville International School and Colleges Library

1281 Tropical Ave. Cor. Luxembourg St., BF Homes International, Las Pinas City

Tel. No. 8256374 / 252358 Loc. 117/146

Powered by Koha